8 mots dans mots : son (mort subite) - Statistiques

Statistiques générales
  • Ce quiz a été pris 39 fois
  • Le résultat moyen est 7 sur 8
Answers on the Grid
Answers color-coded by a green-red scale on the quiz's grid according to % correct below.
Paillas---ner
Nai---nce
Constitutio---lisant
Déper---nalisation
Empois---ner
An---lisante
Art---anal
Désempri---ner
Pu---sant
Décloi---ner
Ba---isant
Imper---nellement
Renai---nce
Héris---ner
Décom---ition
Mois---neuse - batteuse
 
Statistiques - réponses
Réponse % Correct
Mois---neuse - batteuse
91%
Désempri---ner
89%
Déper---nalisation
86%
Décloi---ner
83%
Paillas---ner
83%
Héris---ner
80%
Imper---nellement
80%
Empois---ner
77%
Aucun quiz correspondant
Distribution des résultats
% des personnes avec chaque résultat
Percentile par nombre de réponses
Votre historique - résultats
Vous n’avez pas pris ce quiz